| 000 | 003720000a22001570004500 | ||
|---|---|---|---|
| 005 | 20120302065036.0 | ||
| 942 | _cBOOK | ||
| 100 | _a Ramdas Swami, Shree Samartha | ||
| 245 | _a Abhanggatha | ||
| 250 | _a 1st | ||
| 260 | _aSolapur:Shree Sant Sahitya Seva Sangha, 1999 | ||
| 300 | _a496P | ||
| 040 | _aMar | ||
| 365 | _b32 | ||
| 650 | _aSamarthanchi Gatha, RamdasSwami | ||
| 999 |
_c363743 _d363740 |
||